00820cam a22002415a 450000100100000000500170001000800410002702000150006802000180008304000320010108200190013310000180015224500620017025000120023226000480024430000340029250400510032665000280037765300230040594200080042899900170043695201250045300673073420171224145825.0020527s2002 enka frb 001 0 eng d a0582432294 a9780582432291 aDLCcDLCdUkdEG-ScBUEbeng04a696.1222bBLO1 aBlower, G. J.10aPlumbing :bmechanical services : book 2 /cG. J. Blower. a4th ed. aHarlow :bPearson Education Limited,c2002. avii, 379 p. :bill. ;c25 cm. aIncludes bibliographical references and index. 7aPlumbing.2BUEsh923409 bGGENcDecember2017 2ddc c25784d25756 00102ddc4070aMAINbMAINc1STd2017-12-24ePurchasel1m52o696.1 BLOp000046988r2025-07-15 00:00:00s2019-03-21yBB